100 cibles nucléaires prioritaires du Bloc de l'Est - 1959 - Statistiques

Statistiques générales
  • Ce quiz a été pris 73 fois
  • Le résultat moyen est 16 sur 100
Statistiques - réponses
Ordre de priorité Ville ciblé(e) Nombre de cibles dans la ville % Correct
1 Moscou 190 cibles (201 au total avec les environs)
93%
2 Leningrad (Saint-Pétersbourg) 139 cibles (159 au total avec les environs)
88%
27 Kiev (Kyïv) 35 cibles
79%
62 Varsovie 39 cibles (48 au total avec les environs)
79%
61 Berlin-Est 68 cibles (91 au total avec les environs)
72%
85 Stalingrad (Volgograd) 34 cibles (39 au total avec les environs)
68%
60 Budapest 126 cibles (143 au total avec les environs)
63%
18 Minsk 25 cibles (27 au total avec les environs)
62%
58 Prague 69 cibles (114 cibles avec les environs)
59%
23 Riga 36 cibles (39 au total avec les environs)
57%
63 Bucarest 46 cibles (48 au total avec les environs)
56%
51 Vilnius 12 cibles (14 au total avec les environs)
56%
34 Tallinn 28 cibles
53%
19 Vladivostok 49 cibles (55 avec les environs)
53%
38 Odessa 36 cibles
47%
15 Tbilissi 33 cibles (45 au total avec les environs)
43%
7 Bakou 39 cibles (49 au total avec les environs)
38%
42 Sverdlovsk (Iékaterinbourg) 43 cibles (45 au total avec les environs)
37%
32 Sébastopol 22 cibles (24 au total avec les environs)
35%
67 Stalino (Donetsk) 20 cibles (46 au total avec les environs)
35%
16 Kazan 27 cibles
34%
43 Rostov 22 cibles (31 au total,mentionnée une 2ème fois avec 2 cibles [en priorité 720])
34%
26 Gorky (Nijni Novgorod) 46 cibles (50 au total avec les environs)
29%
89 Dnipropetrovsk (Dnipro) 34 cibles (36 au total avec les environs)
25%
31 Kaliningrad 25 cibles (29 au total avec les environs)
22%
6 Novossibirsk 41 cibles
22%
77 Pyongyang 10 cibles (12 avec les environs)
22%
14 Tachkent 30 cibles
22%
64 Krasnodar 13 cibles
19%
9 Oufa 27 cibles (29 au total avec les environs)
19%
3 Smolensk 10 cibles
16%
40 Omsk 25 cibles
15%
28 Shanghai 82 cibles
15%
97 Cible absente N'apparaît pas dans le document
13%
24 Grozny 11 cibles
13%
55 Irkoutsk 21 cibles
13%
75 Tchéliabinsk 30 cibles (33 au total avec les environs)
12%
39 Zaporojie (Zaporijia) 35 cibles
10%
70 Iaroslavl 23 cibles (26 au total avec les environs)
9%
78 Tomsk 10 cibles
9%
20 Voronej 23 cibles
9%
90 Canton 42 cibles (56 au total avec les environs)
7%
83 Krasnoïarsk 20 cibles
7%
100 Poznań 20 cibles
7%
86 Tientsin (Tianjin) 22 cibles
7%
12 Dzerjinsk (en Russie) 22 cibles
6%
17 Saratov 31 cibles (35 au total avec les environs)
6%
99 Wrocław 46 cibles (57 au total avec les environs)
6%
74 Constanța 18 cibles (20 au total avec les environs)
3%
82 Ioujno-Sakhalinsk 8 cibles
3%
35 Khabarovsk 37 cibles
3%
59 Ploiești 29 cibles (47 au total avec les environs)
3%
80 Tchkalovsk 14 cibles(mentionnée comme "Chkalov" dans le document)
3%
49 Tsingtao (Qingdao) 20 cibles
3%
54 Batoumi 16 cibles
1%
37 Belomorsk 10 cibles
1%
88 Cottbus 4 cibles (13 au total avec les environs)
1%
72 Dalian 34 cibles (36 au total avec les environs)
1%
84 Hangzhou 13 cibles (16 au total avec les environs)
1%
22 Kharkov (Kharkiv) 36 cibles (40 au total avec les environs)
1%
68 Kirovakan (Vanadzor en Arménie) 7 cibles (11 au total avec les environs)
1%
53 Komsomolsk-sur-l'Amour 30 cibles
1%
79 Krasnovodsk (Türkmenbașy) 10 cibles
1%
8 Kuybyshev (Samara) 39 cibles (41 au total avec les environs)
1%
21 Lvov (Lviv) 16 cibles (18 au total avec les environs)
1%
36 Molotov (Perm) 25 cibles
1%
44 Mukden (Shenyang) 44 cibles
1%
13 Peiping (Pékin) 17 cibles (22 au total avec les environs)
1%
5 Spassk-Dalni 8 cibles
1%
4 Vinnytsia 7 cibles
1%
46 Aleksine 8 cibles
0%
76 Antung (Dandong) 10 cibles(13 au total avec 3 cibles sur la ville jumelle de Sinuiju en Corée du Nord)
0%
69 Bérézniki 15 cibles
0%
57 Brandebourg 14 cibles (28 au total avec les environs)
0%
91 Chapayevsk 10 cibles
0%
48 Chita 17 cibles
0%
33 Dniprodzerjinsk (Kamianske) 15 cibles (17 au total avec les environs)
0%
98 Ferghana 2 cibles (8 au total avec les environs)
0%
87 Fushun 25 cibles
0%
94 Glazov 3 cibles
0%
66 Gorlovka (Horlivka) 11 cibles (22 au total avec les environs)
0%
47 Hankou 19 cibles (24 au total avec les environs)
0%
11 Istra (en Russie) 2 cibles et 3 cibles des environs numérotées M-...
0%
95 Kapoustine Iar (Znamensk) 2 cibles
0%
56 Kirovgrad 4 cibles (6 au total avec les environs)
0%
41 Kychtym (Oziorsk) 4 cibles (9 au total avec les environs)
0%
96 Nankin (Nanjing) 21 cibles (27 au total avec les environs)
0%
10 Noguinsk 4 cibles (8 cibles au total,avec mention particulière d'Elektrostal)
0%
45 Norilsk 12 cibles
0%
81 Orsk 19 cibles
0%
93 Ostachkov 3 cibles
0%
50 Oussolie-Sibirskoïe 7 cibles (11 au total avec les environs)
0%
52 Petrozavodsk 12 cibles
0%
71 Serov (anciennement Nadejdinsk) 8 cibles (21 au total avec les environs)
0%
29 Shcherbakov (Rybinsk) 16 cibles
0%
92 Soukhoumi 9 cibles (11 au total avec les environs)
0%
73 Syzran (nœud ferroviaire) 14 cibles (21 au total avec les environs)
0%
30 Tchirtchik 16 cibles
0%
65 Touapsé 9 cibles
0%
25 Voroshilov (Oussouriïsk) 19 cibles (23 au total avec les environs)
0%
Aucun quiz correspondant
Distribution des résultats
% des personnes avec chaque résultat
Percentile par nombre de réponses
Votre historique - résultats
Vous n’avez pas pris ce quiz